Corona SDK mobile game development: Creat monetized games for ios and android with minimum cost and code (Record no. 11043)

000 -LEADER
fixed length control field 00504 a2200157 4500
020 ## - INTERNATIONAL STANDARD BOOK NUMBER
International Standard Book Number 9781849691888
082 ## - DEWEY DECIMAL CLASSIFICATION NUMBER
Classification number 794.81526
090 ## - LOCALLY ASSIGNED LC-TYPE CALL NUMBER (OCLC); LOCAL CALL NUMBER (RLIN)
-- 7240
-- 7240
100 ## - MAIN ENTRY--PERSONAL NAME
Personal name Fernandez Michelle M.
245 ## - TITLE STATEMENT
Title Corona SDK mobile game development: Creat monetized games for ios and android with minimum cost and code
Statement of responsibility, etc. Michelle M. Fernandez
260 ## - PUBLICATION, DISTRIBUTION, ETC.
Place of publication, distribution, etc. Mumbai
Name of publisher, distributor, etc. PACKT publishing
Date of publication, distribution, etc. 2012.
300 ## - PHYSICAL DESCRIPTION
Extent 383 p.
650 ## - SUBJECT ADDED ENTRY--TOPICAL TERM
Topical term or geographic name entry element Mobile games --Programming
700 ## - ADDED ENTRY--PERSONAL NAME
Personal name Michelle M. Fernandez
942 ## - ADDED ENTRY ELEMENTS (KOHA)
Koha item type Book
Call number prefix 794.81526 FER
Holdings
Withdrawn status Lost status Damaged status Not for loan Collection code Permanent Location Current Location Shelving location Date acquired Source of acquisition Cost, normal purchase price Total Checkouts Full call number Barcode Date last seen Date last checked out Price effective from Koha item type
          Central Library (CL) Central Library (CL) General Stacks 08/27/2012 Global~Link Information Services 6820.64 3 794.81526 FER SEECS011493 05/21/2016 02/02/2016 01/05/2017 Book
© 2023 Central Library, National University of Sciences and Technology. All Rights Reserved.